000 00701nam a2200289Ia 4500
005 20260324132509.0
008 008 260324s9999 xx 000 0 eng d
020 _a9780429153624
037 _aEBOOK
040 _aCRL
040 _beng
040 _cCRL
041 _2eng
041 _aeng
084 _qCRL
100 _aFrank B. Baker; Seock-Ho Kim
_91189510
245 0 _aItem Response Theory
245 0 _bParameter Estimation Techniques, Second Edition
260 _bTaylor and Francis
260 _c2004
365 _a
365 _b305
856 _uhttp://www.taylorfrancis.com/books/9780429153624
942 _cEBOOK
999 _c1787670
_d1787670